The effect of shrimp and tomato (sotanumlycoper sicunml) by product supplemented to HI-GRO feed on the growth of avian at the royal university of agriculture, ឥទ្ធិពលនៃការបន្ថែមអនុផល​​និងសំនល់ប៉េងប៉ោះស្រសល់លើចំណីផ្សំ ស៊ី ភី លើការលូតលាស់របស់មាន់សាច់ពូជ AVIAN នៅស្ថានីយពិសោធន៍សត្វនៃសាកលវិទ្យាល័យភូមិន្ទកសិកម្ម (Record no. 2398)

000 -LEADER
fixed length control field 00932nam a22001337a 4500
040 ## - CATALOGING SOURCE
Transcribing agency RUA
082 ## - DEWEY DECIMAL CLASSIFICATION NUMBER
Classification number AVM MON 2010 B093 Or.1
100 ## - MAIN ENTRY--AUTHOR NAME
Personal name MON, YEN.
245 ## - TITLE STATEMENT
Title The effect of shrimp and tomato (sotanumlycoper sicunml) by product supplemented to HI-GRO feed on the growth of avian at the royal university of agriculture, ឥទ្ធិពលនៃការបន្ថែមអនុផល​​និងសំនល់ប៉េងប៉ោះស្រសល់លើចំណីផ្សំ ស៊ី ភី លើការលូតលាស់របស់មាន់សាច់ពូជ AVIAN នៅស្ថានីយពិសោធន៍សត្វនៃសាកលវិទ្យាល័យភូមិន្ទកសិកម្ម
260 ## - PUBLICATION, DISTRIBUTION, ETC. (IMPRINT)
Place of publication Phnom Penh
Name of publisher RUA
Year of publication 2010
300 ## - PHYSICAL DESCRIPTION
Number of Pages x; 37p.
Other physical details ill.
Dimensions 29cm.
856 ## - ELECTRONIC LOCATION AND ACCESS
Uniform Resource Identifier https://drive.google.com/file/d/1q-Q4QtaNh5vD2riEaYsuZL2tyKJMRzyK/view?usp=sharing
942 ## - ADDED ENTRY ELEMENTS (KOHA)
Koha item type AVM
952 ## - LOCATION AND ITEM INFORMATION (KOHA)
Withdrawn status [LOCAL, KOHA] 0
952 ## - LOCATION AND ITEM INFORMATION (KOHA)
Withdrawn status [LOCAL, KOHA] 0
952 ## - LOCATION AND ITEM INFORMATION (KOHA)
Withdrawn status [LOCAL, KOHA] 0
952 ## - LOCATION AND ITEM INFORMATION (KOHA)
Withdrawn status [LOCAL, KOHA] 0
952 ## - LOCATION AND ITEM INFORMATION (KOHA)
Withdrawn status [LOCAL, KOHA] 0
952 ## - LOCATION AND ITEM INFORMATION (KOHA)
Withdrawn status [LOCAL, KOHA] 0
952 ## - LOCATION AND ITEM INFORMATION (KOHA)
Withdrawn status [LOCAL, KOHA] 0
952 ## - LOCATION AND ITEM INFORMATION (KOHA)
Withdrawn status [LOCAL, KOHA] 0
952 ## - LOCATION AND ITEM INFORMATION (KOHA)
Withdrawn status [LOCAL, KOHA] 0
Holdings
Permanent Location Date acquired Koha item type Lost status Shelving location Barcode Current Location Full call number
Library Block B2015-10-20AVM B093RUA007097Library Block BAVM MON 2010 B093 Or.1
Library Block B2015-10-20AVM B093RUA006395Library Block BAVM MON 2010 B093 Or.2
Library Block B2015-10-20AVM B093RUA008103Library Block BAVM MON 2010 B093 Or.3
Library Block B2015-10-20AVM B093RUA008176Library Block BAVM MON 2010 B093 Or.4
Library Block B2015-10-20AVM B093RUA007241Library Block BAVM MON 2010 B093 Or.5
Library Block B2015-10-20AVM B093RUA008105Library Block BAVM MON 2010 B093 Or.6
Library Block B2015-10-20AVM B093RUA019705Library Block BAVM MON 2010 B093 Or.7
Library Block B2015-10-20AVM B093RUA019779Library Block BAVM MON 2010 B093 Or.8
Library Block B2019-06-11AVM B1.234A35695Library Block BAVM MON 2010 B1.234 Or.1
មជ្ឈមណ្ឌលឯការនៃសាកលវិទ្យាល័យភូមិន្ទកសិកម្មចំការដូង

Powered by Koha